Responses for show #6368 - Wednesday, May 2, 2012

2012 Teen Tournament quarterfinal game 3.

Contestants

Elyse Mancuso, a junior from Omaha, Nebraska

Catherine Briley, a senior from Grand Prairie, Louisiana

Krishna Bharathala, a sophomore from Fremont, California

Jeopardy! Round responses

FINE ARTS
LAUGH LINES
SCRAMBLED FRUITS
BACK IN THE 20th CENTURY
VISUAL LANGUAGE
IT'S NOT A MESS, IT'S A COLLECTION
    $200 7
(Krishna: What is white?)
...
(Alex: She's the bad one.)

black

KrishnaCatherine
    $200 8
The Simpsons

Elyse
    $200 1
kiwi

Catherine
    $200 15
the Moon

Catherine
    $200 20
Italy

Elyse
    $200 25
a Barbie

Elyse
    $400 10
(Krishna: Who is Placido Domingo?)

(Luciano) Pavarotti

KrishnaElyse
    $400 9
Night at the Museum

Krishna
    $400 2
a plum

Krishna
    $400 16
Hillary Clinton

Krishna
    $400 21
snowmobiles

Elyse
    $400 26
coins

Elyse
    $600 11
the Venus de Milo

Catherine
    $600 12
Kung Fu Panda

Catherine
    $600 3
a pear

Catherine
    $600 17
(Krishna: Who is Yeltsin?)

Gorbachev

KrishnaElyse
    $600 22
Arabic

Krishna
    $600 27
reels

Catherine
    $800 6
Handel's Messiah

Elyse
    $800 13
Napoleon Dynamite

Triple Stumper
    $800 4
blueberry

Catherine
    $800 18
Tiananmen Square

Catherine
    $800 23
Wales

Elyse
    $800 28
butterflies

Elyse
    $1000 30
a frieze

Elyse
    $1000 14
Ryan Gosling

Triple Stumper
    $1000 5
a watermelon

Krishna
    $1,000 19
(Catherine: What is Pakistan?)

South Africa

Catherine
    $1000 24
Cyrillic

Elyse
    $1000 29
comic books

Krishna

Scores at the first commercial break (after clue 15):

Krishna Catherine Elyse
$1,200 $3,200 $1,400

Scores at the end of the Jeopardy! Round:

Krishna Catherine Elyse
$2,600 $3,600 $6,800

Double Jeopardy! Round responses

HEALTH & MEDICINE
RHYME TIME
BOOK LEARNIN'
U.S. GOVERNMENT
VISITING THE BOSTON AREA
YOUR 2012 HIT PARADERS
    $400 21
molars

Catherine
    $400 1
a muck truck (or stuck truck)

Catherine
    $400 2
Lord of the Flies

Elyse
    $400 16
Al Gore

Catherine
    $400 11
Walden Pond

Catherine
    $400 22
Flo Rida

Catherine
    $800 23
chicken pox

Krishna
    $800 7
biker hiker

Elyse
    $800 3
The Wizard of Oz

Elyse
    $800 17
Elena Kagan

Catherine
    $3,000 12
the Boston Massacre

Catherine
    $800 27
LMFAO

Krishna
    $1200 24
(Catherine: Uh, what are runny noses?)
(Krishna: What are stuffy noses?)

a cough

KrishnaCatherine
Triple Stumper
    $1200 8
nearly yearly

Krishna
    $1200 4
Robinson Crusoe

Elyse
    $2,800 18
treason

Catherine
    $1200 13
Old North Church

Elyse
    $1200 28
The Black Keys

Elyse
    $1600 25
a stomach

Elyse
    $1600 9
(Krishna: What is [*] one's [*]? ...or [*]?)

presses dresses

Krishna
    $1600 5
The Red Badge of Courage

Catherine
    $1600 19
(Catherine: What is governor?)

lieutenant governor

CatherineElyse
    $1600 14
the Bunker Hill Monument

Triple Stumper
    $1600 29
David Guetta

Triple Stumper
    $2000 26
scurvy

Krishna
    $2000 10
a ghoul school

Elyse
    $2000 6
(Krishna: What is Gone with the Wind?)
...
(Alex: What is [*] by Isak Dinesen?)

Out of Africa

Krishna
Triple Stumper
    $2000 20
the U.N.

Krishna
    $2000 15
Mary Baker Eddy

Triple Stumper
    $2000 30
Florence + the Machine

Elyse

Scores at the end of the Double Jeopardy! Round:

Krishna Catherine Elyse
$7,800 $11,000 $19,600

Final Jeopardy! Round responses

CALENDARS
KrishnaWhat is the dragon?
$7,201
CatherineWhat is dragon?
$10,000
ElyseWhat is a dragon?
$3,000
the dragon

Final scores:

Krishna Catherine Elyse
$15,001 $21,000 $22,600
3rd place: $5,000 if eliminated 2nd place: $5,000 if eliminated Automatic semifinalist

Game dynamics:

Coryat scores:

Krishna Catherine Elyse
$7,800 $8,200 $19,600
12 R,
5 W
18 R
(including 2 DDs),
3 W
(including 1 DD)
22 R,
0 W

Combined Coryat: $35,600

The J! Archive is created by fans, for fans. The Jeopardy! game show and all elements thereof, including but not limited to copyright and trademark thereto, are the property of Jeopardy Productions, Inc. and are protected under law. This website is not affiliated with, sponsored by, or operated by Jeopardy Productions, Inc. Join the discussion at JBoard.tv.